00721nam a2200193 a 450000100100000000500170001000800410002702000150006804000130008310000330009624501050012926000350023430000360026944000210030550000550032650000210038195201100040299900150051200000177820200929145709.0090629s2004 es ac 001 1 spa d a8467014393 aDO-SdBNP1 aGuerra, Alfonsod1940-9578010aCuando el tiempo nos alcanza :bMemorias (1940-1982) /cAlfonso Guerra; introducción Luis Gernuda. aMadrid :bEspasa Galpe,c2004. a354 p. :bil., retrs. ;c22 cm. 0aEspasa Hoy95781 aIncluye datos Biográficos del autor en la solapa aIncluye índice 001052708MOaGRbGRcCTd2009-06-29iLF1l0o p1778-10r2020-06-25w2020-06-25y2ZPréstamo interno c1655d1655